Представление документа в формате RUSMARC

ПолеНазваниеЗначение
  Тип записи a
  Библиографический уровень m
001 Контрольный номер RU/CBS_UL/BASE/ad8759a1ff784a6d94f9d28d805849ca
005 Дата корректировки 20260429153520.3
010 Индекс ISBN __
a ISBN 978-5-04-171480-2
d Цена 9 р. 57 к.
9 Тираж 2000 экз.
100 Данные общей обработки __
a Данные общей обработки 20260429d 0rusy0189## ca
101 Язык документа 0_
a Язык текста rus
102 Страна публикации __
a Страна публикации RU
200 Заглавие и сведения об ответственности 1_
a Заглавие Жизнь и фильмы Сэмюэла Л. Джексона, самого крутого человека в Голливуде
f Первые сведения об ответственности Г. Эдвардс
g Последующие сведения об ответственности [пер. с англ. В. С. Антоновой]
210 Выходные данные 1_
a Место издания Москва
c Издательство ЭКСМО
c Издательство БОМБОРА
d Дата издания 2023
215 Физическое описание __
a Объем 542 с.
d Формат 20 см.
225 Серия 2_
a Серия Легенда! Актёры, изменившие кинематограф
300 Общие примечания __
a Общие примечания 18+
606 Тематические рубрики 0_
a Основная рубрика Джексон, Сэмюэл Лерой (1948)
610 Ключевые слова 0_
a Ключевые слова биографии актеров; киноактеры; кинематограф; фильмы американские; Голливуд
686 Индексы других классификаций __
2 Код системы rubbk
a Классификационный индекс 85.374(3)
700 Автор _1
a Фамилия Эдвардс
b Имя (инициалы) Г.
g Полное личное имя Гэвин
801 Источник записи _0
a Страна RU
b Организация МБУК ЦБС г. Ульяновска
c Дата составления 20260429
g Правила каталогизации RCR
801 Источник записи _1
a Страна RU
b Организация МБУК ЦБС г. Ульяновска
c Дата составления 20260429
g Правила каталогизации RCR
852 Данные о местонахождении __
i Авторский знак Э 18
j Шифр хранения 85.37
900 Электронные ресурсы __
a Имя электронного ресурса жизнь и фильмы
901 Тип документа __
t Тип документа m
909 Создатель записи __
a Создатель записи obr3
b Дата создания записи 20260429